Új piacot kap Tarján
Elmentve itt :
| Dokumentumtípus: | Cikk |
|---|---|
| Megjelent: |
1972-02-25
|
| Sorozat: | Délmagyarország
62 No. 47 |
| Kulcsszavak: | piacok |
| Online Access: | http://dmarchiv.bibl.u-szeged.hu/109093 |
| LEADER | 00384nab a2200145 i 4500 | ||
|---|---|---|---|
| 001 | delm109093 | ||
| 005 | 20190321151657.0 | ||
| 008 | 190321s1972 hu o 0|| hun d | ||
| 040 | |a SZTE Délmagyarország Archívum |b hun | ||
| 041 | |a hun | ||
| 245 | 0 | 0 | |a Új piacot kap Tarján |h [elektronikus dokumentum] |
| 260 | |c 1972-02-25 | ||
| 300 | |a 1 | ||
| 490 | 0 | |a Délmagyarország |v 62 No. 47 | |
| 695 | |a piacok | ||